000
00304nam a22001217a 4500
008
160429b xxu||||| |||| 00| 0 eng d
020
_a
9780838570647
020
_a
083857064
041
_a
eng
080
_a
618.2
245
_a
Nursing foundations:
_c
Beverly Witter Du Gas; Emily R. Knor;
942
_2
udc
_c
BK
999
_c
1680
_d
1680